Riešenie životnosti činných plôch stavebných strojov a mechanizmov : Kandidátska dizertačná práca /

Salvato in:
Dettagli Bibliografici
Autore principale: Bohuš, Ondrej (Autore)
Natura: Manoscritto Libro
Lingua:slovacco
Pubblicazione: Trnava : SVŠT v Bratislave MtF, 1988
Soggetti:
Tags: Aggiungi Tag
Nessun Tag, puoi essere il primo ad aggiungerne!!

MARC

LEADER 00000ntm a22000003a 4500
001 stu34841
005 20160719155248.2
008 920326s1988----cs------------------slo-d
040 |a STU  |b slo 
041 0 |a slo 
044 |a cs 
080 |a 69.002.5(043.3) 
100 1 |a Bohuš, Ondrej  |4 aut 
245 1 |a Riešenie životnosti činných plôch stavebných strojov a mechanizmov :  |b Kandidátska dizertačná práca /  |c [aut.]Ondrej Bohuš 
260 |a Trnava :  |b SVŠT v Bratislave MtF,  |c 1988 
300 |a 182 s 
650 7 |a Stroje stavebné  |2 stusub 
650 7 |a životnosť  |2 stusub 
996 |b .  |c M* DzP-492  |l MMSKP  |s P  |a 0  |w stu34841_0002